| 000 | 00594cam a2200193 a 4500 | ||
|---|---|---|---|
| 020 | _a0072899050 (acidfree paper) | ||
| 040 | _cDLC | ||
| 082 | 0 | 0 | _a511 WCB 1999 A027 Co. |
| 100 | 1 | _aRosen, Kenneth H. | |
| 245 | 1 | 0 | _aDiscrete mathematics and its applications / |
| 250 | _a4th ed. | ||
| 260 |
_aBoston : _bWCB/McGraw-Hill, _cc1999. |
||
| 300 |
_axxii, 678 p. : _bill. ; _c27 cm. |
||
| 650 | 0 | _aMathematics. | |
| 650 | 0 | _aComputer science | |
| 856 | 4 | 2 | _uhttp://www.loc.gov/catdir/description/mh023/98044231.html |
| 856 | 4 | 1 | _uhttp://www.loc.gov/catdir/toc/mh022/98044231.html |
| 942 | _cEK | ||
| 999 |
_c13491 _d13491 |
||